00911nam a2200253 i 450000100060000000300090000600500170001500700030003200800410003502000180007610000290009424500890012326000420021230000220025449000340027649000480031050000120035850400200037083000420039083000560043285200320048899900170052095201200053757252ES-MaACL20230906163537.0t|031015s1985 fr ||||1| fre d a2-251-32614-61 aDixsaut, Monique.94491113aLe naturel philosophe b: essai sur le dialogues de Planton / cpar Monique Dixsaut. aParis : bLes Belles Lettres, c1985. a423 p. ; c24 cm.1 aCollection d'etudes anciennes1 aBibliothèque d'histoire de la philosophie aIndice. aBibliografía.0 aCollection d'etudes anciennes91818390 aBibliothèque d'histoire de la philosophie9177275 aES-MaACLjG-7882 bR.113788 c57252d57252 00104070aATENEOMbATENEOMcSPP3d2008-01-17eSCl0oG-7882p1060111r2023-02-23 00:00:00w2023-02-23yMONOGRAFIA